| 000 | 00385nam a2200157Ia 4500 | ||
|---|---|---|---|
| 008 | 230917s9999||||xx |||||||||||||| ||und|| | ||
| 040 |
_e113048 _aMAIN |
||
| 041 | _aEnglish | ||
| 082 | _a519.2 C472C | ||
| 100 | _aChung, Kai-lai | ||
| 245 | 0 | _aCourse in probability theory | |
| 250 | _a3rd ed. | ||
| 260 |
_aNew York _bAcademic Press _c2005 |
||
| 300 | _axvi, 419 p. | ||
| 942 | _cBK | ||
| 999 |
_c135451 _d135451 |
||